Créer VOTRE Dream Team - Statistiques

Statistiques générales
  • Ce quiz a été pris 99 fois
  • Le résultat moyen est 1 sur 11
Statistiques - réponses
Question Réponse % Correct
Attaquant Gauche Le Ney (short long/pansement sur le nez)
67%
Attaquant de pointe TK78
33%
Milieu de terrain 2 André Gomes
0%
Attaquant Droit Antoine Bezmann
0%
Défenseur centra 2 Arsène (AF5)
0%
Milieu de terrain 3 Brak
0%
Milieu de terrain 1 Eriksen (pacemaker)
0%
Latéral Droit Jallet (Cheveux)
0%
Gardien de But Kyle Walker contre l'Atalanta
0%
Défenseur central 1 Mexes
0%
Latéral Gauche Vinsky
0%
Aucun quiz correspondant
Distribution des résultats
% des personnes avec chaque résultat
Percentile par nombre de réponses
Votre historique - résultats
Vous n’avez pas pris ce quiz